1228 1824 1426 1838 1529 1204 1541 1069 1512 1109 1014 1219 1144 1526 1780 1530 1600 1100 1176 1653 1059 1826 1811 1966 1875 1122 1152 1779 1892 1744 1148 1679 1627 1775 1718 1510 1285 1378 1231 1418 1420 1995 1883 1869 1077 1446 1886 1976 1905 1316 1178 1401 1162 1560 1123 1498 1518 1114 1265 1175 1596 1569 1747 1994 1294 1274 1136 1937 1454 1691 1474 1119 1681 1393 1218 1288 1190 1295 1402 1588 1599 1169 1538 1034 1602 1568 1915 1068 1923 1541 1030 1954 1687 1157 1538 1785 1609 1873 1060 BCNSPRNW ULIB Ver.6.0+V

เปลี่ยนเป็นภาษาไทย

Change to English
 แสดงรายละเอียดบรรณานุกรม
  กลับหน้าหลัก

Brief Record : Get Marc (ISO 2709) : E-mail record : QR code < ปิดหน้าต่าง
LEADER : 00000nam 2200000uu 4500
001    13399120873
003     ULIB
008    121022s2552||||th 000 0 tha d
020    ^a9786169045014
050 04 ^aDS589.B2^bอ44ต 2552
100 0  ^aอุดม เชยกีวงศ์
245 10 ^aตลาดเก่า (50-200 ปี) /^cอุดม เชยกีวงศ์ เรียบเรียง
250    ^aพิมพ์ครั้งที่ 1
260    ^aกรุงเทพฯ :^bภูมิปัญญาสร้างสรรค์,^c2552
300    ^a256 หน้า :^bภาพประกอบ
504    ^aบรรณานุกรม : หน้า 256
650  7 ^aตลาด^zไทย
651  7 ^aไทย^xภูมิประเทศและการท่องเที่ยว
651  7 ^aไทย^xความเป็นอยู่และประเพณี
945    ^p150^l0^i16686
995    ^aกัณชพร
999 ^a ใช้งานได้ทุกระบบ
รายการนี้ยังไม่มีแท็ก
คุณยังไม่ได้ล็อกอิน คุณสามารถมีกิจกรรมร่วมกับเว็บไซต์ได้ แต่ต้องล็อกอินก่อน ::
  ล็อกอิน

รายการสื่อสารสนเทศ

ลำดับที่ ประเภท เลขเรียก/บาร์โค้ด สถานที่ สถานะ
1. วิทยาศาสตร์การแพทย์ และสุขภาพ
วิทยาศาสตร์การแพทย์ และสุขภาพ
DS589.B2 อ44ต 2552  
  Barcode: 16686
ห้องสมุดวิทยาเขตสวรรค์ประชารักษ์
►หนังสือทั่วไป
บนชั้น

รายการใกล้เคียง
    ผู้แต่ง [อุดม เชยกีวงศ์]

BibComment


ยังไม่เคยถูกคอมเมนท์

คอมเมนท์ทรัพยากรรายการนี้
  คอมเมนท์: ตลาดเก่า 50200 ป..


 Copyright 2026. Bcnsprnw @Library